[Event "AUTO-MASTER-3199"]
[Site "http://www.queenalice.com/game.php?id=1829531"]
[Date "2024.1.17"]
[Round "1"]
[White "Kapablanca"]
[Black "Harry28"]
[Result "0-1"]
[WhiteElo "2036"]
[BlackElo "2273"]

1. e4 c6 2. d4 d5 3. exd5 cxd5 4. Nf3 Nc6 5. c3 Nf6 6. Bd3 Bg4 7. O-O e6 8. Bg5
Be7 9. Nbd2 O-O 10. h3 Bh5 11. Qc2 Bg6 12. Rfe1 Bxd3 13. Qxd3 a6 14. Ne5 h6 15.
Bh4 Nxe5 16. dxe5 Nd7 17. Bxe7 Qxe7 18. f4 b5 19. Nf3 Nc5 20. Qc2 Rfc8 21. Qe2
Ne4 22. Nd2 Qc5+ 23. Kh2 Nxd2 24. Qxd2 Ra7 25. Qe3 Qxe3 26. Rxe3 Rac7 27. a3 Rc4
28. Kg3 a5 29. Kf3 b4 30. axb4 axb4 31. Ra4 bxc3 32. Rxc4 Rxc4 33. Rxc3 Rxc3+
34. bxc3 h5 35. Ke3 Kh7 36. Kd4 h4 37. c4 dxc4 38. Kxc4 Kg6 39. Kd4 Kf5 40. Ke3
g5 41. fxg5 Kxe5 42. Kf3 Kf5 43. g6 fxg6 44. Ke3 e5 45. Kf3 e4+ 46. Kf2 Kf4 0-1

[Event "AUTO-MASTER-3199"]
[Site "http://www.queenalice.com/game.php?id=1829532"]
[Date "2024.1.17"]
[Round "1"]
[White "Harry28"]
[Black "Kapablanca"]
[Result "1-0"]
[WhiteElo "2267"]
[BlackElo "2059"]

1. d4 d5 2. Nf3 g6 3. Bf4 Bg7 4. Qd2 Nf6 5. Bh6 O-O 6. Nc3 c6 7. Bxg7 Kxg7 8.
Ne5 Nbd7 9. h4 Nxe5 10. dxe5 Ng8 11. h5 h6 12. hxg6 fxg6 13. f4 h5 14. g3 Nh6
15. e4 d4 16. Nd1 Qb6 17. b3 Bg4 18. Be2 Rad8 19. Nf2 Bxe2 20. Qxe2 Qb4+ 21. Qd2
Qc3 22. Qxc3 dxc3 23. Nd3 a5 24. Ke2 b5 25. Rhd1 Rd4 26. Nc5 Rxd1 27. Rxd1 Kg8
28. Rd7 Re8 29. Nb7 a4 30. bxa4 bxa4 31. Nc5 a3 32. Rc7 Rb8 33. Nb3 Rd8 34. Rxc6
Kf7 35. Rxc3 1-0

[Event "AUTO-MASTER-3199"]
[Site "http://www.queenalice.com/game.php?id=1829545"]
[Date "2024.1.17"]
[Round "1"]
[White "Guilherme_Ottoni"]
[Black "Harry28"]
[Result "0-1"]
[WhiteElo "2274"]
[BlackElo "2278"]

1. e4 e5 2. Nf3 Nf6 3. Nxe5 d6 4. Nf3 Nxe4 5. Qe2 Qe7 6. d3 Nc5 7. Qxe7+ Bxe7 8.
d4 Ncd7 9. Bd3 Nf6 10. O-O Bg4 11. Nbd2 O-O 12. h3 Bh5 13. g4 Bg6 14. Bxg6 hxg6
15. Re1 Re8 16. Ne4 Nbd7 17. Bd2 Nxe4 18. Rxe4 d5 19. Re2 Bd6 20. Rae1 Kf8 21.
Ng5 Rxe2 22. Rxe2 f6 23. Ne6+ Kf7 24. Nf4 c6 25. Nd3 g5 26. Kg2 Rh8 27. f4 gxf4
28. Bxf4 Bxf4 29. Nxf4 Nb6 30. b3 Nc8 31. Nd3 Nd6 32. Nc5 b6 33. Nd3 Nb5 34. c3
Re8 35. Rxe8 Kxe8 36. c4 dxc4 37. bxc4 Nxd4 38. a4 b5 39. cxb5 cxb5 40. axb5
Nxb5 41. h4 a5 42. Nc5 Nd4 43. Kg3 Ke7 44. h5 Ne6 45. Na4 Kd6 46. Kh4 Nc5 47.
Nc3 Ke5 48. g5 a4 49. h6 fxg5+ 50. Kxg5 gxh6+ 51. Kxh6 a3 52. Kh5 Ne4 53. Na2
Nf6+ 54. Kg5 Nd5 55. Kg4 Ke4 56. Kg3 Ke3 57. Kg2 Kd2 58. Kf2 Kc2 0-1

[Event "AUTO-MASTER-3199"]
[Site "http://www.queenalice.com/game.php?id=1829546"]
[Date "2024.1.17"]
[Round "1"]
[White "Harry28"]
[Black "Guilherme_Ottoni"]
[Result "1/2-1/2"]
[WhiteElo "2267"]
[BlackElo "2261"]

1. f4 d5 2. Nf3 g6 3. d4 Bg7 4. e3 c5 5. c3 Qc7 6. Bd3 Nh6 7. O-O Bf5 8. Bb5+
Bd7 9. Qa4 cxd4 10. exd4 a6 11. Bxd7+ Nxd7 12. Ne5 b5 13. Qb3 e6 14. Qd1 Nf5 15.
g4 Nd6 16. Nd2 Nc4 17. Ndxc4 bxc4 18. Qa4 f6 19. Qxd7+ Qxd7 20. Nxd7 Kxd7 21. f5
exf5 22. gxf5 g5 23. b4 Bf8 24. a4 Bd6 25. Re1 1/2-1/2

[Event "AUTO-MASTER-3199"]
[Site "http://www.queenalice.com/game.php?id=1829553"]
[Date "2024.1.17"]
[Round "1"]
[White "alvm"]
[Black "Harry28"]
[Result "0-1"]
[WhiteElo "2145"]
[BlackElo "2268"]

1. d4 d5 2. c4 dxc4 3. Nf3 c6 4. a4 b5 5. axb5 cxb5 6. Na3 Bd7 7. e4 e6 8. b3
Bxa3 9. Bxa3 Qa5+ 10. Qd2 Qxd2+ 11. Kxd2 cxb3 12. Kc3 Bc6 13. Nd2 a5 14. Kxb3
a4+ 15. Kb2 Nf6 16. Bd3 Na6 17. Rab1 Kd7 18. Ka1 Nc7 19. Rb4 Ng4 20. d5 Nxf2 21.
dxc6+ Kc8 22. Rf1 Nxd3 23. Rd4 Ne5 24. Rc1 Ra6 25. Bd6 Rxc6 26. Rb1 Nc4 27. Bxc7
Nxd2 28. Rxd2 Kxc7 29. Rxb5 Rb8 30. Ra5 Rc4 31. Ra7+ Rb7 32. Rxb7+ Kxb7 33. Rd7+
Rc7 34. Rd4 a3 35. Rb4+ Kc8 36. Kb1 a2+ 37. Kxa2 Rc2+ 38. Rb2 Rxb2+ 39. Kxb2 Kd7
40. Kc3 Kd6 41. Kd4 e5+ 42. Kc4 Ke6 43. Kd3 f5 44. g3 g5 45. exf5+ Kxf5 46. Ke3
g4 47. Kd3 e4+ 48. Ke2 Ke6 49. Kf2 Kd6 50. Ke2 Kd5 51. Ke1 Kc4 52. Ke2 Kd4 53.
Kd2 e3+ 54. Ke1 Ke4 55. Ke2 h6 56. Ke1 Kf3 57. Kf1 h5 58. h3 gxh3 59. Kg1 e2 60.
g4 e1=Q+ 0-1

[Event "AUTO-MASTER-3199"]
[Site "http://www.queenalice.com/game.php?id=1829554"]
[Date "2024.1.17"]
[Round "1"]
[White "Harry28"]
[Black "alvm"]
[Result "1/2-1/2"]
[WhiteElo "2276"]
[BlackElo "2136"]

1. e4 c6 2. d4 d5 3. Nc3 dxe4 4. Nxe4 Bf5 5. Ng3 Bg6 6. h4 h6 7. h5 Bh7 8. Nf3
Nd7 9. Bd3 Bxd3 10. Qxd3 Ngf6 11. Be3 e6 12. O-O-O Be7 13. Ne4 Nxe4 14. Qxe4 Nf6
15. Qd3 O-O 16. Ne5 Qa5 17. Qb3 Nd5 18. Kb1 Nxe3 19. Qxe3 Rfd8 20. f4 Rd5 21. g4
Rad8 22. Nf3 c5 23. c3 cxd4 24. Nxd4 e5 25. fxe5 Rxe5 26. Qf3 Qb6 27. Rdf1 f6
28. Re1 Ba3 29. Nb3 Bd6 30. Rxe5 Bxe5 31. Kc2 a5 32. Nd2 Qb5 33. Qf1 Qa4+ 34.
Kc1 Qxa2 35. Qc4+ Qxc4 36. Nxc4 Bf4+ 37. Kc2 Rd5 38. Kb3 Kf7 39. Re1 Rg5 40. Rg1
f5 41. Rf1 Rxg4 42. Nxa5 b6 43. Nc4 b5 44. Na3 Ke6 45. Nxb5 Be5 46. Re1 f4 47.
c4 Kf5 48. c5 f3 49. c6 Rg2 50. Rxe5+ Kxe5 51. c7 f2 52. c8=Q f1=Q 53. Qc5+ Ke6
54. Qd6+ Kf7 55. Qd5+ Kf6 56. Qd8+ 1/2-1/2

[Event "AUTO-MASTER-3199"]
[Site "http://www.queenalice.com/game.php?id=1838321"]
[Date "2024.6.9"]
[Round "2"]
[White "Harry28"]
[Black "josebaron"]
[Result "1/2-1/2"]
[WhiteElo "2270"]
[BlackElo "2186"]

1. d4 d5 2. c4 dxc4 3. Nc3 Nf6 4. Bg5 e6 5. e3 Be7 6. Bxc4 O-O 7. Nf3 c6 8. O-O
Nbd7 9. Qe2 Nd5 10. Bxe7 Qxe7 11. a3 Nxc3 12. bxc3 Nf6 13. Bd3 c5 14. Rfb1 b6
15. a4 Bb7 16. a5 Bxf3 17. Qxf3 Rab8 18. axb6 axb6 19. Qc6 Rfc8 20. Rxb6 cxd4
21. cxd4 Qe8 22. Qxe8+ Rxe8 23. Rxb8 Rxb8 24. Bb5 g6 25. Bc6 Kg7 26. g3 h5 27.
Kg2 Rb2 28. Bf3 Ng4 29. Bxg4 hxg4 30. Ra5 Kf6 31. Re5 g5 32. Rc5 Rd2 33. Rc1 Kg6
34. Rf1 Kf5 35. h3 gxh3+ 36. Kxh3 g4+ 37. Kg2 e5 38. dxe5 Kxe5 39. Ra1 f5 40.
Kf1 Rb2 41. Ra5+ Ke6 42. Rc5 Ra2 43. Ke1 Rb2 44. Rc4 Ke5 45. Rd4 Ra2 46. Rd2
Rxd2 47. Kxd2 Ke4 48. Ke2 Kd5 49. f3 gxf3+ 50. Kxf3 Ke5 51. Kf2 Kd5 52. Ke1 Ke5
53. Ke2 Ke4 54. Kf2 Kd5 55. Kf1 Ke5 56. Ke1 Kd5 57. Kf1 Ke5 58. Ke2 Ke4 59. Kf2
Kd5 60. Kf3 1/2-1/2

[Event "AUTO-MASTER-3199"]
[Site "http://www.queenalice.com/game.php?id=1838322"]
[Date "2024.6.9"]
[Round "2"]
[White "josebaron"]
[Black "Harry28"]
[Result "1/2-1/2"]
[WhiteElo "2145"]
[BlackElo "2274"]

1. e4 e5 2. Nf3 Nf6 3. Nc3 Nc6 4. Bb5 Bb4 5. Bxc6 dxc6 6. d3 Bxc3+ 7. bxc3 Qe7
8. a4 Bg4 9. h3 Bh5 10. Bg5 Qc5 11. c4 Nd7 12. O-O O-O 13. g4 Bg6 14. Kh2 f6 15.
Bd2 a5 16. Qe2 Nb6 17. Nh4 Nd7 1/2-1/2

[Event "AUTO-MASTER-3238"]
[Site "http://www.queenalice.com/game.php?id=1846766"]
[Date "2024.11.7"]
[Round "1"]
[White "stoyan1"]
[Black "Harry28"]
[Result "0-1"]
[WhiteElo "2072"]
[BlackElo "2296"]

1. e4 e5 2. Nf3 Nc6 3. Bc4 Nf6 4. Ng5 d5 5. exd5 Nxd5 6. Nxf7 Kxf7 7. Qf3+ Ke6
8. Nc3 Ne7 9. Nxd5 Nxd5 10. d4 c6 11. dxe5 Qh4 12. Bf4 Ke7 13. Bxd5 cxd5 14. g3
Qh3 15. Qxd5 Qe6 16. Bg5+ Kf7 17. Qe4 Qf5 18. Qc4+ Be6 19. Qc7+ Kg6 20. Be3 Bd5
21. Rg1 Bb4+ 22. c3 Rhc8 23. Qxc8 Rxc8 24. cxb4 Qxe5 25. Rb1 Qe4 26. Rd1 Qxb4+
27. Rd2 Rc1+ 0-1

[Event "AUTO-MASTER-3238"]
[Site "http://www.queenalice.com/game.php?id=1846767"]
[Date "2024.11.7"]
[Round "1"]
[White "Harry28"]
[Black "stoyan1"]
[Result "1-0"]
[WhiteElo "2291"]
[BlackElo "2063"]

1. e4 e5 2. d4 d6 3. dxe5 Nc6 4. exd6 Bxd6 5. Bb5 Bd7 6. Nf3 Ne5 7. Bxd7+ Nxd7
8. O-O Ne5 9. Nxe5 Bxe5 10. Qxd8+ Rxd8 11. c3 Kd7 12. Rd1+ Kc8 13. Rxd8+ Kxd8
14. Bg5+ f6 15. Be3 b6 16. Na3 Ne7 17. Nc4 Kc8 18. Nxe5 fxe5 19. Rd1 Rd8 20.
Rxd8+ Kxd8 21. Bg5 Kd7 22. Bxe7 Kxe7 23. g3 Kf6 24. f4 exf4 25. gxf4 c5 26. Kf2
a5 27. c4 g6 28. b3 h6 29. h4 g5 30. fxg5+ hxg5 31. h5 g4 32. Kg3 Kg5 33. h6
Kxh6 34. Kxg4 Kg6 35. e5 Kf7 36. Kf5 Ke7 37. Kf4 Ke6 38. Ke4 Kd7 39. Kd5 Ke7 40.
Kc6 1-0

[Event "AUTO-MASTER-3238"]
[Site "http://www.queenalice.com/game.php?id=1846782"]
[Date "2024.11.7"]
[Round "1"]
[White "Harry28"]
[Black "chessman"]
[Result "1-0"]
[WhiteElo "2286"]
[BlackElo "2048"]

1. d4 d5 2. c4 e6 3. Nf3 Nf6 4. Bg5 Be7 5. e3 O-O 6. Nc3 Re8 7. Rc1 Nbd7 8. cxd5
exd5 9. Bd3 c6 10. O-O Nf8 11. Na4 Be6 12. Nc5 Bxc5 13. Rxc5 N8d7 14. Rc3 a6 15.
Qb3 Rb8 16. Bf4 h6 17. Bxb8 Qxb8 18. Qc2 1-0

[Event "AUTO-MASTER-3238"]
[Site "http://www.queenalice.com/game.php?id=1846783"]
[Date "2024.11.7"]
[Round "1"]
[White "chessman"]
[Black "Harry28"]
[Result "0-1"]
[WhiteElo "1892"]
[BlackElo "2301"]

1. e4 e6 2. d4 d5 3. e5 c5 4. c3 Nc6 5. f4 Qb6 6. Nf3 Bd7 7. Bd3 cxd4 8. cxd4
Nxd4 9. Nc3 Nxf3+ 10. Qxf3 Bc6 11. Qe2 Bb4 12. Bd2 Ne7 13. a3 Bxc3 14. bxc3 O-O
15. Be3 Qa5 16. Bd2 Qc7 17. O-O f6 18. Qh5 g6 19. Qh3 Qd7 20. Be3 fxe5 21. fxe5
Nf5 22. Bd2 Rae8 23. Rab1 Qc7 24. Rf2 Ng7 25. Rbf1 Rxf2 26. Rxf2 Qe7 27. a4 Rf8
28. Rxf8+ Qxf8 29. Bh6 Qc5+ 30. Kf1 Qxc3 31. Bxg7 Kxg7 0-1

[Event "Challenge"]
[Site "http://www.queenalice.com/game.php?id=1850635"]
[Date "2025.1.20"]
[Round "-"]
[White "Harry28"]
[Black "arvo1938"]
[Result "1/2-1/2"]
[WhiteElo "2289"]
[BlackElo "2258"]

1. d4 Nf6 2. c4 e6 3. Nc3 d5 4. Bg5 Bb4 5. e3 O-O 6. Nf3 c5 7. cxd5 exd5 8. dxc5
Nc6 9. Bxf6 Qxf6 10. Nd4 Nxd4 11. Qxd4 Qxd4 12. exd4 Bf5 13. Kd2 Ba5 14. Bd3 Be6
15. a3 Bd8 16. Ne2 Bf6 17. b4 Rac8 18. Rac1 Bg5+ 19. f4 Bf6 20. h3 Bd7 21. b5 g6
22. a4 Kg7 23. a5 Rfe8 24. b6 a6 25. Rhf1 Ra8 26. Rf3 Kg8 27. Re3 Bg7 28. Rg1
Bc6 29. g4 Rxe3 30. Kxe3 Re8+ 31. Kd2 Kf8 32. Rg3 Ba4 33. Re3 Ra8 34. g5 Rd8 35.
Kc3 Bd7 36. h4 h6 37. Ng3 Rc8 38. Re5 Bxe5 39. fxe5 hxg5 40. hxg5 Bg4 41. Ne2
Bxe2 42. Bxe2 Ke7 43. Bf3 Rd8 44. Bg4 1/2-1/2

[Event "Challenge"]
[Site "http://www.queenalice.com/game.php?id=1850636"]
[Date "2025.1.20"]
[Round "-"]
[White "arvo1938"]
[Black "Harry28"]
[Result "1-0"]
[WhiteElo "2274"]
[BlackElo "2302"]

1. d4 d5 2. Nf3 Bg4 3. Nbd2 e6 4. Ne5 Bh5 5. g4 Bg6 6. h4 f6 7. Nxg6 hxg6 8. Nf3
Nc6 9. Qd3 Nge7 10. Bg2 Qd7 11. Bd2 O-O-O 12. O-O-O e5 13. dxe5 fxe5 14. e4 d4
15. Ng5 Ng8 16. Qb3 Be7 17. Nf7 Rxh4 18. Nxd8 Qxd8 19. Qf7 Rxh1 20. Rxh1 1-0

[Event "AUTO-MASTER-3238"]
[Site "http://www.queenalice.com/game.php?id=1862807"]
[Date "2025.9.10"]
[Round "2"]
[White "CCapivara"]
[Black "Harry28"]
[Result "1-0"]
[WhiteElo "2305"]
[BlackElo "2289"]

1. e4 e5 2. Nf3 Nc6 3. Bb5 Nf6 4. d3 d6 5. Bg5 Be7 6. h3 O-O 7. O-O Nd4 8. Nxd4
exd4 9. Nd2 a5 10. a4 Be6 11. f4 c6 12. Bc4 d5 13. Ba2 dxe4 14. dxe4 Bxa2 15.
Rxa2 c5 16. b3 Nd7 17. Bxe7 Qxe7 18. Qf3 b6 19. Raa1 Rfb8 20. e5 Nf8 21. Rae1
Qb7 22. Ne4 Qc6 23. Nf6+ 1-0

[Event "AUTO-MASTER-3238"]
[Site "http://www.queenalice.com/game.php?id=1862808"]
[Date "2025.9.10"]
[Round "2"]
[White "Harry28"]
[Black "CCapivara"]
[Result "0-1"]
[WhiteElo "2302"]
[BlackElo "2269"]

1. f4 d6 2. Nf3 c6 3. e4 Nf6 4. Nc3 Bg4 5. d4 Nbd7 6. Be2 e5 7. fxe5 dxe5 8.
Nxe5 Nxe5 9. dxe5 Qxd1+ 10. Bxd1 Bxd1 0-1